Clic Les pays dans les titres de film - Statistiques

Statistiques générales
  • Ce quiz a été pris 52 fois
  • Le résultat moyen est 5 sur 52
Statistiques - réponses
Hint Réponse % Correct
Good morning (...) Vietnam
49%
Hamlet, prince du (...) Danemark
41%
Les pingouins de (...) Madagascar
35%
Bons baisers de (...) Russie
35%
La bataille d'/de (...) Angleterre
32%
(...) année zéro Allemagne
24%
Voyage en (...) Italie
22%
Le tailleur du (...) Panama
22%
Pêcheur d'/de (...) Islande
19%
Hôtel (...) Rwanda
19%
Les (...) d'Albert Etats-Unis
14%
Retour aux (...) Philippines
14%
La gare de (...) Biélorussie
11%
Le prince d'/de (...) Egypte
11%
Les lavandières du (...) Portugal
11%
Meurtre au (...) Vatican
11%
Sous le ciel d'/de (...) Argentine
8%
Les Charlots font l'/le/la (...) Espagne
8%
Le trésor du (...) Guatemala
8%
Ombres sur le/la (...) Liban
8%
Les pirates de (...) Malaisie
8%
Le chien jaune de (...) Mongolie
8%
Les oiseaux vont mourir au (...) Pérou
8%
Njinga, reine d'/de (...) Angola
5%
Mardi ? c'est donc la (...) Belgique
5%
La harpe de (...) Birmanie
5%
Ces garçons qui venaient du/de/d' (...) Brésil
5%
Magie noire à (...) Haïti
5%
La fille de (...) Monaco
5%
Le voyag en (...) Arménie
3%
(...) Opération suicide Cambodge
3%
(...) La secte de l'enfer Guyana
3%
(...), terre mère Inde
3%
L'(...) appelle Indonésie
3%
En route pour le (...) Maroc
3%
Lettres d'amour en (...) Somalie
3%
A l'est du (...) Soudan
3%
Napoléon en (...) Australie
0%
Intrigue au (...) Congo
0%
J'ai vécu l'enfer de (...) Corée
0%
Carnaval au (...) Costa Rica
0%
L'escale de (...) Guinée
0%
Rose d'/de (...) Irlande
0%
Made in (...) Israël
0%
Les damnés du (...) Kosovo
0%
Révolte au (...) Mexique
0%
Le sorcier du (...) Népal
0%
L'homme du (...) Niger
0%
Dracula au (...) Pakistan
0%
L'inconnu de (...) Saint-Marin
0%
Little (...) Sénégal
0%
Vengeance en (...) Thaïlande
0%
Aucun quiz correspondant
Distribution des résultats
% des personnes avec chaque résultat
Percentile par nombre de réponses
Votre historique - résultats
Vous n’avez pas pris ce quiz